Catálogo - Centro de Recursos para el Aprendizaje y la Investigación
Volver al Sitio - CRAI Biblioteca| 000 -CABECERA | |
|---|---|
| campo de control de longitud fija | 01208nam a22002777a 4500 |
| 001 - NÚMERO DE CONTROL | |
| campo de control | 114118 |
| 003 - IDENTIFICADOR DEL NÚMERO DE CONTROL | |
| campo de control | DR-UNIBE |
| 005 - FECHA Y HORA DE LA ÚLTIMA TRANSACCIÓN | |
| campo de control | 20251003114835.0 |
| 008 - DATOS DE LONGITUD FIJA--INFORMACIÓN GENERAL | |
| campo de control de longitud fija | 251001b2024 sp ||||| |||| 00| 0 spa d |
| 020 ## - NÚMERO INTERNACIONAL ESTÁNDAR DEL LIBRO | |
| Número Internacional Estándar del Libro | 9788410563902 |
| 040 ## - FUENTE DE LA CATALOGACIÓN | |
| Centro catalogador/agencia de origen | BIBLIOTECA UNIBE |
| Centro/agencia transcriptor | BIBLIOTECA UNIBE |
| Normas de descripción | rda |
| 041 ## - CÓDIGO DE LENGUA | |
| Código de lengua del texto/banda sonora o título independiente | spa |
| 082 ## - NÚMERO DE LA CLASIFICACIÓN DECIMAL DEWEY | |
| Número de clasificación | 343 R427i |
| 100 1# - ENTRADA PRINCIPAL--NOMBRE DE PERSONA | |
| Nombre de persona | Requena Casanova, Millán |
| Término indicativo de función/relación | autor |
| 9 (RLIN) | 199466 |
| 245 10 - MENCIÓN DE TÍTULO | |
| Título | Introducción al derecho internacional público / |
| Mención de responsabilidad, etc. | Millán Requena Casanova, Jorge Urbaneja Cillán, Carolina Soler García |
| 260 ## - PUBLICACIÓN, DISTRIBUCIÓN, ETC. | |
| Lugar de publicación, distribución, etc. | Valencia : |
| Nombre del editor, distribuidor, etc. | Tirant lo Blanch, |
| Fecha de publicación, distribución, etc. | 2024 |
| 300 ## - DESCRIPCIÓN FÍSICA | |
| Extensión | 446 páginas |
| 490 ## - MENCIÓN DE SERIE | |
| Mención de serie | Tirant lo Blanch. Monografías |
| 505 ## - NOTA DE CONTENIDO CON FORMATO | |
| Nota de contenido con formato | LOS SUJETOS DEL ORDENAMIENTO INTERNACIONAL |<br/>LA FORMACIÓN DE NORMAS EN EL ORDENAMIENTO INTERNACIONAL Y SUS RELACIONES CON LOS ORDENAMIENTOS INTERNOS |<br/>LA APLICACIÓN DE LAS NORMAS DEL ORDENAMIENTO INTERNACIONAL |<br/>ÁMBITOS MATERIALES REGULADOS POR EL ORDENAMIENTO INTERNACIONAL |<br/> |
| 650 #7 - PUNTO DE ACCESO ADICIONAL DE MATERIA--TÉRMINO DE MATERIA | |
| Fuente del encabezamiento o término | lemb |
| Término de materia o nombre geográfico como elemento de entrada | Derecho |
| 650 #7 - PUNTO DE ACCESO ADICIONAL DE MATERIA--TÉRMINO DE MATERIA | |
| Término de materia o nombre geográfico como elemento de entrada | Derecho internacional |
| Fuente del encabezamiento o término | lemb |
| 700 ## - PUNTO DE ACCESO ADICIONAL--NOMBRE DE PERSONA | |
| Nombre de persona | Urbaneja Cillán, Jorge |
| Término indicativo de función/relación | autor |
| 9 (RLIN) | 199467 |
| 700 ## - PUNTO DE ACCESO ADICIONAL--NOMBRE DE PERSONA | |
| Nombre de persona | Soler García, Carolina |
| Término indicativo de función/relación | autor |
| 9 (RLIN) | 199468 |
| 700 ## - PUNTO DE ACCESO ADICIONAL--NOMBRE DE PERSONA | |
| Nombre de persona | Ferrer Lloret, Jaume |
| Término indicativo de función/relación | director |
| 9 (RLIN) | 199469 |
| 942 ## - ELEMENTOS DE PUNTO DE ACCESO ADICIONAL (KOHA) | |
| Fuente del sistema de clasificación o colocación | Sistema de Clasificación Decimal Dewey |
| Tipo de ítem Koha | Libro (general) |
| Estado de retiro | Estado de pérdida | Fuente del sistema de clasificación o colocación | No para préstamo | Código de colección | Localización permanente | Ubicación en estantería | Fecha de adquisición | Total de préstamos | Signatura topográfica completa | Código de barras | Fecha visto por última vez | Número de copia | Precio válido a partir de | Tipo de ítem Koha |
|---|---|---|---|---|---|---|---|---|---|---|---|---|---|---|
| Disponible | Sistema de Clasificación Decimal Dewey | General | Biblioteca Central UNIBE | Área de exhibición | 02/10/2025 | 343 R427i | 251042 | 02/10/2025 | Ej. 1 | 02/10/2025 | Libro (general) |